| 000 | 00440nab a2200145Ia 4500 | ||
|---|---|---|---|
| 003 | ES-SlBCS | ||
| 005 | 20210601131746.0 | ||
| 008 | 140529s1935 xxu||||| |||| 00| 0 fre d | ||
| 041 | _afre | ||
| 100 | 1 |
_aMarcel, Gabriel _d, 1889-1973 _9100659 |
|
| 245 | 0 | 0 |
_aLe message de Georges Duhamel _c Gabriel Marcel |
| 600 | 1 | 4 |
_aDuhamel, Jorge _9188655 |
| 773 | 0 |
_tVie Intelectuelle (La) _gvol. 39, nº. 2, 1935, págs. 329-334 _wRev907 |
|
| 942 | _cAR | ||
| 999 |
_c568291 _d568291 |
||